zpět

Detail výsledku týmu

MaxWilliam, Znojmo

Datum a čas kvízu

30.5 Celkem bodů Celkový počet nahraných bodů na tomto kvízu bez doplňovacích otázek.
5. Pořadí na kvízu Konečné umístění týmu na tomto kvízu.

Zaznamenané odpovědi

# Otázka Odpověď Body Výsledky
1. V posledních týdnech se do Čes... spalničky 1
2. Po skandálu s udělením milosti... Maďarsko 1
3. Jak se nazývá kapela, kterou p... 4TET 1
4. Která automobilka získala s je... Mercedes 0
5. V noci z neděle na pondělí se... Kansas City (Chiefs), San Francisco (49ers) 0
6. Vítězné téma facebookového hla... 1C 2B 3A 4D 0
7. Dne 18. dubna 1997 byli odsouz... Orličtí vrazi 1
8. Devadesátkovou klasikou je fil... Fuck Off Guys Good Day 1
9. Kolik tlačítek má na své předn... tři 1
10. Ke kterému městu se v souvislo... Vsetín 0